Loading...
Class, State and development in India /
| Format: | Printed Book |
|---|---|
| Published: |
New Delhi:
Sage Publications,
1992.
|
| Edition: | 1st ed. |
| Subjects: |
| LEADER | 00544cam a2200169ua 4500 | ||
|---|---|---|---|
| 020 | |a 81-7036-255-5 | ||
| 082 | |a 338.954 |b CLA | ||
| 245 | 1 | 0 | |a Class, State and development in India / |
| 250 | |a 1st ed. | ||
| 260 | |a New Delhi: |b Sage Publications, |c 1992. | ||
| 300 | |a 329p.. | ||
| 500 | |a Includes bibliographical references. | ||
| 650 | |a Economic development | ||
| 650 | 0 | |a India - economic conditions | |
| 942 | |c BK | ||
| 999 | |c 8645 |d 8645 | ||
| 952 | |0 0 |1 0 |4 0 |6 338_954000000000000_CLA |7 0 |9 9019 |a KUCL |b KUCL |d 2014-05-23 |l 0 |o 338.954 CLA |p 01960 |r 2014-05-23 |y BK | ||